02102nab a2200253uuc4500001000800000005001700008008004100025035001200066040001300078041001300091100005200104245006200156246005500218520114500273650002901418650002701447650003901474700005901513700005101572700004101623773015501664942001001819999001901829135194620240911090540.0131128e20130105 mul  a1351946 ccomduadb aENGamul10aGranados Sánchez, Diódoro4auteaut944033014aLos procesos de desertificación y las regiones áridas1 aThe processes of desertification and arid regions.3 aEn este trabajo se realizó una revisión de la desertificación, un proceso de degradación de la capacidad productiva de la tierra, en particular en las regiones áridas y semiáridas del mundo. Debido a que la desertificación aumenta progresivamente, se estudian las causas que originan y agudizan este fenómeno en todo el mundo. En general, las causas de la desertificación se derivan de la presión combinada de un clima adverso y fluctuante, y de la sobreexplotación de los recursos naturales. Se describen aspectos relacionados con la extensión y severidad de la desertificación mundial, así como las particularidades de la degradación de la tierra en México. Se plantean, además, las características de los procesos de desertificación. Se considera la intrincada red de relaciones existentes entre las condiciones ambientales, las actividades productivas y sus efectos sobre los recursos bióticos, edáficos e hidrológicos. Finalmente, se presenta una serie de propuestas relacionadas con la aplicación de medidas preventivas y correctivas que tienden a prevenir y detener la desertificación. aDesertificación925162 aRegiones aridas939834 7aErosión de suelos2armarc91421310aHernández García, Miguel Ángel4auteaut964417810aVázquez Alarcón, Antonio4auteaut965296810aRuíz Puga, Pablo4auteaut96862760 tRevista Chapingo : Serie Ciencias Forestales y del Ambiente (México)gVolumen 19, Número 01, Enero-Abril 2013, p. 45-66w871607x0186-32310308513 cARIMP c666885d666885